000
00389nam a2200109Ia 4500
008
090122s9999 xx 000 0 und d
082
_b
6911
_a
920.71
245
_a
परमपूजनीय डॉ. हेडगेवार
630
_a
परमपूजनीय डॉ. हेडगेवार
730
_a
परमपूजनीय डॉ. हेडगेवार
942
_c
BOOK
999
_c
30988
_d
30988